Metóda BSC v managementu veřejné správy

Základná charakteristika metódy BSC využívanej v komerčnej sfére a zároveň jej odlišnosti pri aplikácii vo sfére verejnosprávnej. Príklady využitia metódy BSC v praxi.

Gespeichert in:
Bibliographische Detailangaben
1. Verfasser: Dvořáková, Petra
Weitere Verfasser: Suchánek, Petr
Format: Buchkapitel
Sprache:Tschechisch
Schlagworte:
Tags: Tag hinzufügen
Keine Tags, Fügen Sie das erste Tag hinzu!

MARC

LEADER 00000nla$a2200000$$$4500
001 0051794
005 20231106104016.6
041 0 |a cze 
044 |a SK 
245 1 0 |a Metóda BSC v managementu veřejné správy  |c Petra Dvořáková, Petr Suchánek 
520 |a Základná charakteristika metódy BSC využívanej v komerčnej sfére a zároveň jej odlišnosti pri aplikácii vo sfére verejnosprávnej. Príklady využitia metódy BSC v praxi. 
610 2 0 |a metóda BSC 
610 2 0 |a riadenie finančné 
610 2 0 |a metódy riadenia 
610 2 0 |a správa verejná 
610 2 0 |a manažment 
610 2 0 |a zdroje podnikové 
610 2 0 |a zákazníci 
610 2 0 |a Česko 
610 2 0 |a sektor verejný 
100 1 |a Dvořáková, Petra 
700 1 |a Suchánek, Petr